| 000 | 00784cam a22002172 4500 | ||
|---|---|---|---|
| 001 | 0000013219 | ||
| 005 | 20151217155855.0 | ||
| 008 | 090706s xx 000 0 eng d | ||
| 040 |
_aKABU _cKABU |
||
| 245 | 1 | 0 |
_aProceedings of the national workshop on regulations and guidelines for safety in biotechnology for Kenya / _cGrace N. W. Thitai, John S. Mbaya, Johnson Nyangeri, editors. |
| 250 | _a1st ed. | ||
| 260 |
_aNairobi : _bNCST, _c1998. |
||
| 300 | _a84 p. | ||
| 650 | 0 |
_aAgricultural biotechnology _zKenya. _@0000170369 |
|
| 700 | 1 |
_aThitai, Grace N. W. _@0000170370 |
|
| 700 | 1 |
_aMbaya, John S. _@0000170371 |
|
| 700 | 1 |
_aNyangeri, Johnson. _@0000170372 |
|
| 852 | 1 | _9p100.00 KEs | |
| 908 | _a090706 | ||
| 950 | _@1 | ||
| 999 |
_c13589 _d13589 |
||